Constitutional and Parliamentary Information ASGP (Record no. 3432)

MARC details
000 -LEADER
fixed length control field 00371nam a22001217a 4500
008 - FIXED-LENGTH DATA ELEMENTS--GENERAL INFORMATION
fixed length control field 230703b xxu||||| |||| 00| 0 eng d
082 ## - DEWEY DECIMAL CLASSIFICATION NUMBER
Classification number 342 16
Item number IPU 1990
245 ## - TITLE STATEMENT
Title Constitutional and Parliamentary Information ASGP
Remainder of title Association of Secretaries General of Parliaments
260 ## - PUBLICATION, DISTRIBUTION, ETC. (IMPRINT)
Name of publisher, distributor, etc. Inter-Parliamentary Union
Date of publication, distribution, etc. 1990
300 ## - PHYSICAL DESCRIPTION
Extent 136p
440 ## - SERIES STATEMENT/ADDED ENTRY--TITLE
Number of part/section of a work 160
942 ## - ADDED ENTRY ELEMENTS (KOHA)
Source of classification or shelving scheme Dewey Decimal Classification
Koha item type Books

No items available.

LIBRARY OPENING HOURS

When the Parliament is sitting: 8.00a.m - 7.00p.m or until the house adjourns
Mondays and Fridays and when the House is on Recess:  8.00a.m - 5.00p.m
Closed on Weekends and Public Holidays

Online Public Access Catalog (OPAC)
Website: http://www.parliament.go.ke
Bunge Library: https://libraryir.parliament.go.ke
Contact: library@parliament.go.ke | Tel no: (254-2)2221291 or 2848000 Ext 5043